Sardar Patel The Supreme Architect In Unification Of India, Vol-II (Record no. 52400)

MARC details
000 -LEADER
fixed length control field 00790nam a22002177a 4500
003 - CONTROL NUMBER IDENTIFIER
control field OSt
008 - FIXED-LENGTH DATA ELEMENTS--GENERAL INFORMATION
fixed length control field 260627b |||||||| |||| 00| 0 eng d
020 ## - INTERNATIONAL STANDARD BOOK NUMBER
International Standard Book Number 9781942426370
082 ## - DEWEY DECIMAL CLASSIFICATION NUMBER
Classification number 954.04
Item number A26H
100 ## - MAIN ENTRY--PERSONAL NAME
Personal name Aggarwal, S.N.
245 ## - TITLE STATEMENT
Title Sardar Patel The Supreme Architect In Unification Of India, Vol-II
Statement of responsibility, etc. Aggarwal, Justice S.N.
260 ## - PUBLICATION, DISTRIBUTION, ETC. (IMPRINT)
Place of publication, distribution, etc Gurugram, Haryana
Name of publisher, distributor, etc Garudha Prakashan
Date of publication, distribution, etc 2020
300 ## - PHYSICAL DESCRIPTION
Extent xxvii., 459p.
365 ## - TRADE PRICE
Price note 599.00, INR
500 ## - GENERAL NOTE
General note Justice S.N. Aggarwal, is Former Judge, Punjab & Haryana High Court
650 ## - SUBJECT ADDED ENTRY--TOPICAL TERM
Topical term or geographic name as entry element Prime ministers $z India $x History $x Miscellanea.
650 ## - SUBJECT ADDED ENTRY--TOPICAL TERM
Topical term or geographic name as entry element India $x Politics and government $y 1947-1953 $x Miscellanea.
650 ## - SUBJECT ADDED ENTRY--TOPICAL TERM
Topical term or geographic name as entry element Patel, Vallabhbhai, $d 1875-1950.
650 ## - SUBJECT ADDED ENTRY--TOPICAL TERM
Topical term or geographic name as entry element Alternate histories (Fiction)
942 ## - ADDED ENTRY ELEMENTS (KOHA)
Source of classification or shelving scheme
Koha item type Books
Holdings
Withdrawn status Lost status Source of classification or shelving scheme Damaged status Not for loan Home library Current library Shelving location Date acquired Source of acquisition Currency Cost, normal purchase price Total Checkouts Full call number Barcode Date last seen Bill Date Koha item type Public note Bill Number
          Dr. Rajendra Prasad Central Agricultural University Pusa, Dr. Rajendra Prasad Central Agricultural University Pusa, General Stacks 27/06/2026 TTPP, New Delhi INR 599.00   954.04 A26H 87689 27/06/2026 29/01/2026 Books Volume-II IN-00449
Hosted, Implemented, Customized & Maintained by: BestBookBuddies

Powered by Koha